| 000 | 00583nam a2200157u 4500 | ||
|---|---|---|---|
| 082 |
_a551.1 _bPLA _cL-15, P-33 |
||
| 100 | 1 |
_aPlatt, John Isaac. [from old catalog] _940266 |
|
| 245 | 0 | 0 |
_aSimple geological structures: _ba series of notes and map exercises, |
| 260 |
_aLondon, _bT. Murphy & co.: New York, D. Van Nostrand co., _c1930. |
||
| 300 |
_a56 p. _billus., diagrs. _c25 cm. |
||
| 526 |
_a0 _b0 _c0 _d551_100000000000000_PLA |
||
| 650 | 0 |
_aGeology _xMaps. [from old catalog] _940267 |
|
| 650 | 0 |
_aMCE _9379 |
|
| 700 | 1 |
_aChallinor, John. [from old catalog] _940268 |
|
| 942 |
_2ddc _cBK |
||
| 999 |
_c544599 _d544599 |
||